000 00321nam a2200121Ia 4500
008 150201s2012 xx 000 0 und d
082 _a629.222
_bRAJ
100 _aRajput,R.K
245 2 _aA textbook of automobile engineering
260 _bLaxmi Publications (P) Ltd
_aNew Delhi
_c2012
300 _a863p.
942 _2ddc
_cBK
999 _c5427
_d5427